000 01330nam a22003497a 4500
003 CHAP
005 20220329140847.0
008 971013s1990 r 00010 d
010 _a58811
011 _a59783
035 _a63943
040 _cCHAP
090 _aFolleto 14575
100 0 0 _aEspinosa Paz, Néstor.
_937978
245 _aGuía para cultivar maíz en el estado de Oaxaca
260 _aOaxaca, Oax. :
_bINIFAP. Centro de Investigaciones Forestales y Agropecuarias de Oaxaca,
_c1990
300 _a18 p.
_b: ilus.
490 _aINIFAP. Centro de Investigaciones Forestales y Agropecuarias de Oaxaca. Folleto para productores
_v; 3
590 _aBATCH-UPD
_b10
_c20130110
_lUCH01
_h0545
590 _aBATCH-UPD
_b10
_c20130110
_lUCH01
_h2323
590 _aBATCH-UPD
_b10
_c20130410
_lUCH01
_h0226
590 _aBATCH-UPD
_b10
_c20130410
_lUCH01
_h1613
590 _aBATCH-UPD
_b10
_c20130914
_lUCH01
_h1644
590 _aCONVERSION
_b10
_c20130109
_lUCH01
_h1332
650 1 4 _aMaíz
_zOaxaca.
_971100
700 0 _aLópez Arredondo, Gonzalo.
_967675
700 0 _aSerrano Altamirano, Víctor.
_9105197
830 0 _aINIFAP. Centro de Investigaciones Forestales y Agropecuarias de Oaxaca. Folleto para productores
_v; 3
_958700
901 _aBK
942 _cFOLL
949 _aFolleto 14575
_bBC
_cFOLL
_d-138384
_eTS1
_i63943
_si
999 _c58811
_d58811